MARC details
| 000 -CABECERA |
| campo de control de longitud fija |
01107nam a2200289 a 4500 |
| 001 - NÚMERO DE CONTROL |
| campo de control |
000020494 |
| 005 - FECHA Y HORA DE LA ÚLTIMA TRANSACCIÓN |
| campo de control |
20200930011123.0 |
| 008 - DATOS DE LONGITUD FIJA--INFORMACIÓN GENERAL |
| campo de control de longitud fija |
101216s1995 sp 001 0 spa d |
| 020 ## - NÚMERO INTERNACIONAL ESTÁNDAR DEL LIBRO |
| Número Internacional Estándar del Libro |
8436808800 (Piramide) |
| 020 ## - NÚMERO INTERNACIONAL ESTÁNDAR DEL LIBRO |
| Número Internacional Estándar del Libro |
8486168953 (F.G.S.R.) |
| 040 ## - FUENTE DE LA CATALOGACIÓN |
| Centro catalogador/agencia de origen |
DO-SdBNP |
| Lengua de catalogación |
spa |
| Centro/agencia transcriptor |
BNPHU |
| 082 ## - NÚMERO DE LA CLASIFICACIÓN DECIMAL DEWEY |
| Número de clasificación |
xxxx |
| Número de documento/Ítem |
A767i |
| 100 1# - ENTRADA PRINCIPAL--NOMBRE DE PERSONA |
| Nombre de persona |
Arntz, Rainer |
| 9 (RLIN) |
43182 |
| 245 13 - MENCIÓN DE TÍTULO |
| Título |
Introducción a la terminología / |
| Mención de responsabilidad, etc. |
Reiner Arntz, Heribert Picht ; traducción del alemán Amelia de Irazazábal, María José Jiménez, Erika Schwarz, Susana Yunquera. |
| 260 ## - PUBLICACIÓN, DISTRIBUCIÓN, ETC. |
| Lugar de publicación, distribución, etc. |
Madrid : |
| Nombre del editor, distribuidor, etc. |
Fundación Germán Sánchez Ruipérez, |
| -- |
Ediciones Pirámide, |
| Fecha de publicación, distribución, etc. |
1995. |
| 300 ## - DESCRIPCIÓN FÍSICA |
| Extensión |
382 p. ; |
| Dimensiones |
22 cm. |
| 490 0# - MENCIÓN DE SERIE |
| Mención de serie |
Biblioteca del Libro |
| Designación de volumen o secuencia |
64 |
| 504 ## - NOTA DE BIBLIOGRAFÍA, ETC. |
| Nota de bibliografía, etc. |
Bibliografía p: 343-371 |
| 500 ## - NOTA GENERAL |
| Nota general |
Incluye índice analítico |
| 500 ## - NOTA GENERAL |
| Nota general |
Incluye notas a pie de páginas |
| 700 1# - PUNTO DE ACCESO ADICIONAL--NOMBRE DE PERSONA |
| Nombre de persona |
Picht, Heribert |
| 9 (RLIN) |
43183 |
| 700 1# - PUNTO DE ACCESO ADICIONAL--NOMBRE DE PERSONA |
| Nombre de persona |
Irazazábal, Amelia de |
| Término indicativo de función/relación |
trad. |
| 9 (RLIN) |
43184 |
| 700 1# - PUNTO DE ACCESO ADICIONAL--NOMBRE DE PERSONA |
| Nombre de persona |
Jiménez, María José |
| Término indicativo de función/relación |
trad. |
| 9 (RLIN) |
43185 |
| 700 1# - PUNTO DE ACCESO ADICIONAL--NOMBRE DE PERSONA |
| Nombre de persona |
Schwarz, Erika |
| Término indicativo de función/relación |
trad. |
| 9 (RLIN) |
43186 |
| 700 1# - PUNTO DE ACCESO ADICIONAL--NOMBRE DE PERSONA |
| Nombre de persona |
Yunquera, Susana |
| Término indicativo de función/relación |
trad. |
| 9 (RLIN) |
43187 |
| 830 #0 - PUNTO DE ACCESO ADICIONAL DE SERIE-TÍTULO UNIFORME |
| Título uniforme |
Biblioteca del Libro |
| Número de parte o sección de la obra |
64 |
| 9 (RLIN) |
43188 |